<?xml version="1.0" encoding="UTF-8"?><?xml-stylesheet type="text/xsl" href="static/style.xsl"?><OAI-PMH xmlns="http://www.openarchives.org/OAI/2.0/" xmlns:xsi="http://www.w3.org/2001/XMLSchema-instance" xsi:schemaLocation="http://www.openarchives.org/OAI/2.0/ http://www.openarchives.org/OAI/2.0/OAI-PMH.xsd"><responseDate>2026-05-12T01:34:21Z</responseDate><request verb="GetRecord" identifier="oai:riubu.ubu.es:10259/11416" metadataPrefix="marc">https://riubu.ubu.es/oai/request</request><GetRecord><record><header><identifier>oai:riubu.ubu.es:10259/11416</identifier><datestamp>2026-02-26T12:53:31Z</datestamp><setSpec>com_10259_3938</setSpec><setSpec>com_10259.4_2477</setSpec><setSpec>com_10259.4_106</setSpec><setSpec>com_10259_2604</setSpec><setSpec>col_10259_11414</setSpec></header><metadata><record xmlns="http://www.loc.gov/MARC21/slim" xmlns:doc="http://www.lyncode.com/xoai" xmlns:xsi="http://www.w3.org/2001/XMLSchema-instance" xmlns:dcterms="http://purl.org/dc/terms/" xsi:schemaLocation="http://www.loc.gov/MARC21/slim http://www.loc.gov/standards/marcxml/schema/MARC21slim.xsd">
<leader>00925njm 22002777a 4500</leader>
<datafield tag="042" ind1=" " ind2=" ">
<subfield code="a">dc</subfield>
</datafield>
<datafield tag="720" ind1=" " ind2=" ">
<subfield code="a">Pérez Miguel, Liliana</subfield>
<subfield code="e">author</subfield>
</datafield>
<datafield tag="260" ind1=" " ind2=" ">
<subfield code="c">2020</subfield>
</datafield>
<datafield tag="520" ind1=" " ind2=" ">
<subfield code="a">Este trabajo profundiza en diversos aspectos relativos a las beneficiarias de encomiendas en el virreinato peruano en el siglo XVI, tales como su consideración social y jurídica, o el manejo y administración de sus encomiendas. Utilizando numerosas fuentes primarias, da un paso más al analizar en detalle los modos mediante los cuales las encomenderas intentaron -muchas veces con éxito- defender sus intereses patrimoniales o su propio honor y el de sus familias utilizando de forma muy diligente los esquemas judiciales de entonces. Gran parte de este estudio se realiza a partir del análisis de la encomendera sevillana doña Inés Muñoz de Ribera, cuñada del conquistador Francisco Pizarro. La lectura de este libro nos lleva a reconsiderar la idea del papel supuestamente pasivo de las mujeres en el Perú virreinal al permitirnos observar su contribución en el ámbito social, económico, político, religioso o cultural.</subfield>
</datafield>
<datafield tag="024" ind2=" " ind1="8">
<subfield code="a">978-84-472-2944-4</subfield>
</datafield>
<datafield tag="024" ind2=" " ind1="8">
<subfield code="a">978-84-472-3090-7</subfield>
</datafield>
<datafield tag="024" ind2=" " ind1="8">
<subfield code="a">https://hdl.handle.net/10259/11416</subfield>
</datafield>
<datafield tag="024" ind2=" " ind1="8">
<subfield code="a">10.12795/9788447230907</subfield>
</datafield>
<datafield tag="245" ind1="0" ind2="0">
<subfield code="a">Mujeres ricas y libres. Mujer y poder: Inés Muñoz y las encomenderas en el Perú (s. XVI)</subfield>
</datafield>
</record></metadata></record></GetRecord></OAI-PMH>